| Tag |
First Indicator |
Second Indicator |
Subfields |
| LEADER |
00000cgm a2200000Mi 4500 |
| 001 |
in00005510413 |
| 006 |
m o c |
| 007 |
vz |za|u| |
| 007 |
cr |za|||||||| |
| 008 |
180321r20132013txu--- f o vleng d |
| 005 |
20241105202622.5 |
| 035 |
|
|
|a (OCoLC)on1031461107
|
| 040 |
|
|
|a SGPBL
|b eng
|e rda
|e pn
|c SGPBL
|d OCLCO
|d OCLCF
|d NRC
|d AGL
|d OCLCO
|d OCL
|d OCLCO
|d OCLCQ
|d OCLCO
|d OCLCL
|
| 019 |
|
|
|a 1099703146
|
| 020 |
|
|
|a 9781526433862
|q (streaming video)
|
| 020 |
|
|
|a 1526433869
|
| 035 |
|
|
|a (OCoLC)1031461107
|z (OCoLC)1099703146
|
| 041 |
0 |
|
|j eng
|
| 050 |
|
4 |
|a HF5548.4.M523
|b F74 2013
|
| 070 |
0 |
|
|a HF5548.4.M523
|b F74 2013
|
| 082 |
0 |
4 |
|a 005.369
|2 23
|
| 049 |
|
|
|a TXAM
|
| 245 |
0 |
0 |
|a Freeze and unfreeze panes.
|
| 264 |
|
1 |
|a Houston :
|b MathTutorDVD.com,
|c 2013.
|
| 300 |
|
|
|a 1 online resource (1 video file (00:04:37)) :
|b sound, colour.
|
| 336 |
|
|
|a two-dimensional moving image
|b tdi
|2 rdacontent
|
| 337 |
|
|
|a computer
|b c
|2 rdamedia
|
| 338 |
|
|
|a online resource
|b cr
|2 rdacarrier
|
| 490 |
1 |
|
|a Mastering Microsoft Excel: Essential Skills
|
| 511 |
0 |
|
|a Commentator: Jason Gibson.
|
| 520 |
8 |
|
|a Jason Gibson discusses freezing panes and the use of this feature in Excel.
|
| 546 |
|
|
|a Closed-captions in English.
|
| 588 |
|
|
|a Description based on XML content.
|
| 630 |
0 |
0 |
|a Microsoft Excel (Computer file)
|x Study and teaching.
|
| 630 |
0 |
7 |
|a Microsoft Excel (Computer file)
|2 fast
|
| 650 |
|
7 |
|a Education
|2 fast
|
| 700 |
1 |
|
|a Gibson, Jason
|c (Math instructor),
|e commentator.
|1 https://id.oclc.org/worldcat/entity/E39PCjD7tTh8MK3q6RjpkYB7H3
|
| 758 |
|
|
|i has work:
|a Freeze and unfreeze panes (MovingImage)
|1 https://id.oclc.org/worldcat/entity/E39PCGbvTDvVDkx4qkQ9Ppfhh3
|4 https://id.oclc.org/worldcat/ontology/hasWork
|
| 830 |
|
0 |
|a Mastering Microsoft Excel.
|p Essential Skills.
|
| 856 |
4 |
0 |
|u http://proxy.library.tamu.edu/login?url=https://methods.sagepub.com/video/freeze-and-unfreeze-panes
|z Connect to this streaming video
|t 0
|
| 955 |
|
|
|a SAGE Research Methods Video Practical Research and Academic Skills
|
| 994 |
|
|
|a 92
|b TXA
|
| 999 |
f |
f |
|s a1f61825-7cc6-4095-a96f-d8c50fa56878
|i ac3daefe-a4c0-4cc1-b6e0-efd14bfed75a
|t 0
|
| 952 |
f |
f |
|a Texas A&M University
|b College Station
|c Electronic Resources
|d Available Online
|t 0
|e HF5548.4.M523 F74 2013
|h Library of Congress classification
|
| 998 |
f |
f |
|a HF5548.4.M523 F74 2013
|t 0
|l Available Online
|